[Event "27th Open"]
[Site "Cappelle la Grande FRA"]
[Date "2011.02.27"]
[Round "2"]
[White "Tikkanen,H"]
[Black "Poetsch,H"]
[Result "1/2-1/2"]
[WhiteElo "2550"]
[BlackElo "2408"]
[EventDate "2011.02.26"]

1. d4 d5 2. c4 c6 3. Nf3 Nf6 4. e3 Bf5 5. Nc3 e6 6. Nh4 Be4 7. f3 Bg6 8.
Qb3 Qc7 9. Bd2 Be7 10. g3 Bh5 11. cxd5 cxd5 12. Be2 Nc6 13. O-O g5 14. Ng2
Bg6 15. Rac1 h5 16. Be1 a6 17. Na4 Nd7 18. Bb4 h4 19. gxh4 Bxb4 20. Qxb4
Qxh2+ 21. Kxh2 Nxb4 22. a3 Nc2 23. Bd1 Nxe3 24. Nxe3 Rxh4+ 25. Kg3 b5 26.
Nc5 Rxd4 27. Rh1 Ke7 28. Nxd7 Kxd7 29. Ng4 Kd6 30. Bc2 Bxc2 31. Rxc2 f5 32.
Nf6 Rd3 33. Kf2 Rf8 34. Rh6 g4 35. fxg4 fxg4 36. Kg2 g3 37. Re2 Rb3 38. Ng4
Re8 39. Ne5 Rf8 40. Ng4 Re8 41. Rh7 Rg8 42. Ne5 Rf8 43. Rd7+ Kc5 44. Rc7+
Kd4 45. Rcc2 Re3 46. Nc6+ Ke4 47. Rxe3+ Kxe3 48. Rc3+ Ke4 49. Rxg3 Rc8 50.
Rc3 d4 51. Rc5 d3 52. Kf2 Rh8 53. Re5+ Kf4 54. Rxe6 Rh2+ 55. Ke1 Rxb2 56.
Nb4 Rb3 57. Rxa6 Ke3 58. Nd5+ Kd4 59. Nc7 Rb1+ 60. Kd2 Rb2+ 61. Kd1 Rb1+
1/2-1/2

[Event "27th Open"]
[Site "Cappelle la Grande FRA"]
[Date "2011.02.27"]
[Round "2"]
[White "Prohaszka,P2"]
[Black "Bejtovic,J"]
[Result "1-0"]
[WhiteElo "2542"]
[BlackElo "2405"]
[EventDate "2011.02.26"]

1. d4 Nf6 2. c4 g6 3. Nc3 Bg7 4. e4 d6 5. Bd3 O-O 6. Nge2 c5 7. d5 e6 8. h3
exd5 9. cxd5 Re8 10. O-O c4 11. Bxc4 Nxe4 12. Be3 Nxc3 13. Nxc3 Nd7 14. Rc1
Rxe3 15. fxe3 Ne5 16. Ne4 Bh6 17. Rc3 f5 18. Nf2 Nxc4 19. Rxc4 Bxe3 20. Kh1
b5 21. Rc3 Bg5 22. Nd3 Bb7 23. Nf4 Bf6 24. Rc2 Qb6 25. Qd2 Re8 26. Ne6 b4
27. Rc7 Rxe6 28. Rxb7 Qxb7 29. dxe6 Be5 30. Qg5 Qc7 31. Rc1 Qb6 32. Qe7 1-0

[Event "27th Open"]
[Site "Cappelle la Grande FRA"]
[Date "2011.02.27"]
[Round "2"]
[White "Petrov,Marij"]
[Black "Bijaoui,M"]
[Result "1-0"]
[WhiteElo "2535"]
[BlackElo "2403"]
[EventDate "2011.02.26"]

1. e4 c5 2. Nf3 d6 3. d4 cxd4 4. Nxd4 Nf6 5. Nc3 a6 6. f4 e5 7. Nf3 Nbd7 8.
a4 Be7 9. Bd3 O-O 10. O-O Nc5 11. Kh1 exf4 12. Bxf4 Bg4 13. Qe1 Rc8 14. Qg3
Be6 15. Be3 Ng4 16. Bd4 Bf6 17. Bxf6 Nxf6 18. Nd4 Nxd3 19. cxd3 Qb6 20.
Nce2 Nh5 21. Qh4 g6 22. g4 Ng7 23. b3 Rc5 24. Rf6 Qb4 25. Raf1 Qd2 26. Qg3
Bxb3 27. Nxb3 Qxe2 28. Nxc5 dxc5 1-0

[Event "27th Open"]
[Site "Cappelle la Grande FRA"]
[Date "2011.02.27"]
[Round "2"]
[White "Kuzmicz,K"]
[Black "Apicella,M"]
[Result "1/2-1/2"]
[WhiteElo "2406"]
[BlackElo "2531"]
[EventDate "2011.02.26"]

1. g3 e5 2. Bg2 Nf6 3. c4 Nc6 4. Nc3 Bb4 5. Nd5 Bc5 6. d3 O-O 7. e3 d6 8.
Ne2 Nxd5 9. cxd5 Ne7 10. O-O Bg4 11. h3 Bxe2 12. Qxe2 f5 13. Bd2 a5 14.
Rac1 Ng6 15. Qh5 Qd7 16. Rc4 Bb6 17. h4 Qb5 18. b3 a4 19. Rb1 axb3 20. Rxb3
Qe8 21. a3 Ra4 22. Qd1 Rxc4 23. dxc4 e4 24. Bc3 Qa4 25. Bf1 Bc5 26. h5 Ne5
27. Bxe5 dxe5 28. d6 c6 29. Rb1 Qxd1 30. Rxd1 Kf7 31. Bh3 g6 32. hxg6+ hxg6
33. g4 Ke6 34. d7 Rd8 35. a4 b6 36. Kf1 Be7 37. gxf5+ gxf5 38. Rb1 Bc5 39.
Rd1 Be7 40. Rb1 Bc5 41. Rd1 1/2-1/2

[Event "27th Open"]
[Site "Cappelle la Grande FRA"]
[Date "2011.02.27"]
[Round "2"]
[White "Kanep,M"]
[Black "Lejarre,L"]
[Result "1-0"]
[WhiteElo "2531"]
[BlackElo "2400"]
[EventDate "2011.02.26"]

1. d4 Nf6 2. c4 c5 3. d5 b5 4. cxb5 a6 5. b6 e6 6. Nc3 Nxd5 7. Nxd5 exd5 8.
Qxd5 Nc6 9. e4 Be7 10. Bc4 O-O 11. Nf3 Rb8 12. O-O Rxb6 13. Qh5 Bb7 14. Bd5
Nb4 15. Bxb7 Rxb7 16. Bd2 Qb6 17. Bc3 Qe6 18. b3 Nc2 19. Rac1 Qxe4 20. Rfd1
d6 21. Nd2 Qd3 22. Nb1 Qe4 23. Nd2 Qd3 24. Bxg7 Kxg7 25. Qg4+ Kh8 26. Nc4
Qc3 27. Qe4 d5 28. Qxd5 Rbb8 29. Qe4 Rbd8 30. Rxd8 Rxd8 31. Qxe7 Qd3 32. h3
1-0

[Event "27th Open"]
[Site "Cappelle la Grande FRA"]
[Date "2011.02.27"]
[Round "2"]
[White "Foisor,C"]
[Black "Nyzhnyk,I"]
[Result "0-1"]
[WhiteElo "2405"]
[BlackElo "2530"]
[EventDate "2011.02.26"]

1. Nf3 Nf6 2. c4 g6 3. g3 Bg7 4. Bg2 O-O 5. O-O d6 6. d4 Nc6 7. Nc3 Bg4 8.
h3 Bxf3 9. Bxf3 Nd7 10. e3 e5 11. dxe5 Ndxe5 12. Be2 Qd7 13. Kh2 Na5 14.
Qd5 b6 15. f4 c6 16. Qe4 Nexc4 17. Bxc4 Bxc3 18. Bxf7+ Rxf7 19. bxc3 d5 20.
Qd3 Re8 21. Rf3 Nc4 22. Kg2 Qe6 23. g4 Qe4 24. Qb1 Rd8 25. Kg3 h5 26. gxh5
gxh5 27. Kf2 h4 28. Ke2 Rg7 29. Rf2 Rg1 30. a4 a5 31. Rh2 Kf7 32. Kf2 Rdg8
33. Qxe4 dxe4 34. Bb2 Rxa1 35. Bxa1 Rg3 36. Kf1 Nxe3+ 37. Ke1 Nc4 38. Kf1
Ke6 39. Bb2 Kf5 40. Rf2 e3 41. Rh2 Kxf4 42. Bc1 Kf3 43. Rh1 e2+ 0-1

[Event "27th Open"]
[Site "Cappelle la Grande FRA"]
[Date "2011.02.27"]
[Round "2"]
[White "Mekhitarian,K"]
[Black "Demuth,A"]
[Result "1/2-1/2"]
[WhiteElo "2528"]
[BlackElo "2360"]
[EventDate "2011.02.26"]

1. d4 d5 2. c4 c6 3. Nc3 Nf6 4. Nf3 dxc4 5. a4 Bf5 6. e3 e6 7. Bxc4 Bb4 8.
O-O O-O 9. Qe2 Nbd7 10. e4 Bg6 11. e5 Nd5 12. Nxd5 cxd5 13. Bd3 Bh5 14. Qe3
Be7 15. Bd2 Nb8 16. Ne1 Nc6 17. Nc2 Bg6 18. b4 Rc8 19. Bxg6 fxg6 20. Qd3 a5
21. b5 Nb4 22. Nxb4 Bxb4 23. Rfc1 Bxd2 24. Qxd2 Rc4 25. Rxc4 dxc4 26. Rc1
Qd5 27. Qc3 Rc8 28. Qxa5 Qxd4 29. Qc3 Qd5 30. g3 b6 31. Qe3 Rc5 32. h4 h6
33. Kh2 Kh7 1/2-1/2

[Event "27th Open"]
[Site "Cappelle la Grande FRA"]
[Date "2011.02.27"]
[Round "2"]
[White "Bernard,Ch1"]
[Black "Vovk,A"]
[Result "0-1"]
[WhiteElo "2348"]
[BlackElo "2528"]
[EventDate "2011.02.26"]

1. Nf3 Nf6 2. d4 g6 3. c4 Bg7 4. Nc3 O-O 5. e4 d6 6. Be2 e5 7. O-O Na6 8.
Re1 Qe8 9. Bf1 Bg4 10. dxe5 dxe5 11. h3 Bxf3 12. Qxf3 c6 13. Be3 Qe7 14.
Rad1 Nc5 15. Rd2 Rfd8 16. Red1 Rxd2 17. Rxd2 Ne6 18. g3 h5 19. h4 Ng4 20.
Bh3 Nd4 21. Qd1 Qe6 22. Bxd4 exd4 23. Ne2 Qxe4 24. Nxd4 Rd8 25. Bg2 Qxd4
26. Rxd4 Bxd4 27. Kf1 Nxf2 28. Qe1 Ng4 29. Qe7 Bf6 30. Qxb7 Rd2 31. Qxc6
Bxb2 32. Qe8+ Kg7 33. Bd5 Rf2+ 34. Ke1 Bc3+ 35. Kd1 Ne5 36. a4 Rd2+ 0-1

[Event "27th Open"]
[Site "Cappelle la Grande FRA"]
[Date "2011.02.27"]
[Round "2"]
[White "Rodriguez Lopez,Ra"]
[Black "Teske,H"]
[Result "1/2-1/2"]
[WhiteElo "2317"]
[BlackElo "2520"]
[EventDate "2011.02.26"]

1. e4 Nc6 2. Nf3 f5 3. exf5 d5 4. Bb5 Bxf5 5. Ne5 Qd6 6. d4 Nf6 7. O-O Nd7
8. Bxc6 bxc6 9. Bf4 Nxe5 10. Bxe5 Qd7 11. c4 dxc4 12. Nd2 Bd3 13. Re1 e6
14. Qa4 Rb8 15. a3 Qd5 16. Bxc7 Rxb2 17. Re5 Qd7 18. Nxc4 Rb5 19. Rd1 Bxc4
20. Qxc4 Rxe5 1/2-1/2

[Event "27th Open"]
[Site "Cappelle la Grande FRA"]
[Date "2011.02.27"]
[Round "2"]
[White "Vera Gonzalez Quevedo,R"]
[Black "Plukkel,S"]
[Result "1/2-1/2"]
[WhiteElo "2518"]
[BlackElo "2276"]
[EventDate "2011.02.26"]

1. Nf3 d6 2. d4 Nd7 3. c4 e5 4. Nc3 exd4 5. Qxd4 Ngf6 6. g3 Be7 7. Bg2 O-O
8. O-O a5 9. h3 Nc5 10. e4 c6 11. Rb1 Re8 12. Rd1 Qc7 13. Kh2 Bf8 14. Nh4
Qe7 15. Nf5 Bxf5 16. exf5 Qe5 17. Qf4 Rad8 18. Be3 Qxf4 19. Bxf4 Nfe4 20.
Nxe4 Nxe4 21. Be3 a4 22. Rd4 Nf6 23. Rbd1 Ra8 24. R1d2 Ra5 25. g4 h5 26.
Kg3 c5 27. R4d3 hxg4 28. hxg4 Ne4+ 29. Bxe4 Rxe4 30. Bf4 Rxc4 31. Bxd6 Re4
32. Bc7 Ra8 33. Rd8 Re8 34. Kf3 Raxd8 35. Rxd8 Rxd8 36. Bxd8 b5 37. b3 axb3
38. axb3 c4 39. bxc4 bxc4 40. Ke4 Bc5 41. f3 f6 42. Ba5 Kf7 43. Kd5 Be3 44.
Kxc4 g5 45. Kd5 Bf4 46. Bb6 Bc1 47. Bc7 Bd2 48. Bd6 Bc1 49. Ke4 Bd2 50. f4
gxf4 51. Bxf4 Bc3 52. Bg3 1/2-1/2

[Event "27th Open"]
[Site "Cappelle la Grande FRA"]
[Date "2011.02.27"]
[Round "2"]
[White "Kryvoruchko,Y"]
[Black "Rzayev,B"]
[Result "1-0"]
[WhiteElo "2640"]
[BlackElo "2221"]
[EventDate "2011.02.26"]

1. e4 e5 2. Nf3 Nc6 3. Bb5 a6 4. Ba4 d6 5. O-O Bd7 6. d4 g6 7. Bxc6 Bxc6 8.
dxe5 Bxe4 9. Nc3 Bf5 10. Bf4 dxe5 11. Qe2 f6 12. Nxe5 Be7 13. Rad1 Qc8 14.
Nd5 Be6 15. Nd7 Bxd7 16. Rfe1 Bg4 17. Nxf6+ Kf8 18. Nxg4 h5 19. Bh6+ Ke8
20. Nf6+ Kf7 21. Nxg8 Kxg8 22. Qc4+ 1-0

[Event "27th Open"]
[Site "Cappelle la Grande FRA"]
[Date "2011.02.27"]
[Round "2"]
[White "Cabrera Trujillo,J"]
[Black "Sasikiran,K"]
[Result "0-1"]
[WhiteElo "2382"]
[BlackElo "2690"]
[EventDate "2011.02.26"]

1. e4 e5 2. Nf3 Nc6 3. Bb5 a6 4. Bxc6 dxc6 5. O-O Qd6 6. Na3 b5 7. c3 Ne7
8. Nc2 Ng6 9. d4 exd4 10. cxd4 Be7 11. Qe2 O-O 12. Rd1 Re8 13. Ne3 Nf4 14.
Qc2 c5 15. e5 Qg6 16. Qxg6 hxg6 17. d5 Bb7 18. g3 Ne2+ 19. Kf1 Nd4 20. Nxd4
cxd4 21. Rxd4 Bc5 22. Rd3 Rxe5 23. Bd2 Rd8 24. Ba5 Bxe3 25. Bxc7 Rdxd5 26.
Bxe5 Rxd3 27. fxe3 Rd2 28. h4 Rh2 29. b3 f6 30. Bc3 Rc2 31. Be1 Kh7 32. a4
Bg2+ 33. Kg1 Bd5 34. axb5 axb5 35. b4 Re2 36. Bf2 Rb2 37. Be1 Rb3 38. Kf2
Rb2+ 39. Kg1 Bc4 40. Rd1 Re2 41. Bf2 Kh6 42. Rd4 g5 43. Rd7 g6 44. Rd6 f5
45. Rd4 Kh5 46. Rd8 Rb2 47. Be1 Kg4 48. Rd2 Rb3 49. Kf2 Bd3 50. hxg5 Kxg5
51. Ra2 Kg4 52. Rd2 g5 53. Ra2 Be4 54. Bd2 Bb1 55. Ra8 Rb2 56. Rd8 Be4 57.
Rd4 Ra2 58. Rd8 Rc2 59. Rd6 Rc7 60. Rh6 Rc8 61. Rh2 Rc2 62. Kg1 Kf3 63.
Rf2+ Kxg3 64. Be1 Rxf2 65. Bxf2+ Kf3 66. Kf1 g4 67. Kg1 Bd3 68. Bh4 Kxe3
69. Bg5+ Kf3 70. Be7 g3 71. Bc5 f4 0-1

[Event "27th Open"]
[Site "Cappelle la Grande FRA"]
[Date "2011.02.27"]
[Round "2"]
[White "Burmakin,V"]
[Black "Batsiashvili,N"]
[Result "1-0"]
[WhiteElo "2603"]
[BlackElo "2396"]
[EventDate "2011.02.26"]

1. Nf3 c5 2. g3 Nc6 3. Bg2 g6 4. c4 Bg7 5. Nc3 e6 6. a3 Nge7 7. O-O d5 8.
cxd5 exd5 9. d3 O-O 10. Rb1 h6 11. Na4 b6 12. b4 cxb4 13. axb4 Be6 14. b5
Na5 15. Bd2 Rc8 16. Bxa5 bxa5 17. d4 Bf5 18. Rc1 Rxc1 19. Qxc1 Qb8 20. Nc3
Be4 21. e3 Bd3 22. Rd1 Bxb5 23. Nxb5 Qxb5 24. Qc7 Nc6 25. Rc1 Nb4 26. Bf1
Qb6 27. Qd7 Rd8 28. Qa4 Bf8 29. Nd2 Rb8 30. Rc3 Kg7 31. Nb3 Nc2 32. Nc5 Nb4
33. Nd7 Qb7 34. Nxb8 Qxb8 35. Qxa5 Bd6 36. Qa4 h5 37. Qd7 Qb6 38. Rc8 Bf8
39. Qd8 Qxd8 40. Rxd8 1-0

[Event "27th Open"]
[Site "Cappelle la Grande FRA"]
[Date "2011.02.27"]
[Round "2"]
[White "Calistri,T"]
[Black "Zakhartsov,Vi"]
[Result "1/2-1/2"]
[WhiteElo "2400"]
[BlackElo "2602"]
[EventDate "2011.02.26"]

1. e4 c5 2. Nf3 e6 3. d4 cxd4 4. Nxd4 a6 5. Bd3 Bc5 6. Nb3 Be7 7. O-O d6 8.
a4 b6 9. Na3 Nf6 10. a5 b5 11. c4 b4 12. Nc2 Nc6 13. Bd2 Rb8 14. f4 Nd7 15.
Be3 O-O 16. Qe2 e5 17. f5 Qc7 18. Kh1 Rd8 19. Bg1 Nc5 20. Bxc5 dxc5 21. Ne3
Nd4 22. Nxd4 Rxd4 23. Nd5 Qd8 24. b3 Bg5 25. Rfd1 f6 26. Rf1 Qd6 27. Rad1
Bd7 28. Bc2 Be8 29. Rfe1 Bf7 30. Rxd4 cxd4 31. Bd3 Qc5 32. Ra1 Be8 33. Qe1
Rb7 34. Qe2 Kf8 35. Qe1 Kg8 36. Qe2 Kf8 37. Qe1 1/2-1/2

[Event "27th Open"]
[Site "Cappelle la Grande FRA"]
[Date "2011.02.27"]
[Round "2"]
[White "Gopal,G"]
[Black "Miedema,R"]
[Result "1/2-1/2"]
[WhiteElo "2597"]
[BlackElo "2387"]
[EventDate "2011.02.26"]

1. e4 e5 2. Nf3 Nf6 3. Nxe5 d6 4. Nf3 Nxe4 5. d4 d5 6. Bd3 Bd6 7. O-O O-O
8. c4 c6 9. Re1 Re8 10. Nc3 Nxc3 11. bxc3 Bg4 12. Bg5 Rxe1+ 13. Qxe1 Qc8
14. c5 Bf8 15. Nh4 Na6 16. Be7 Qc7 17. Bxf8 Rxf8 18. Qe3 Qd8 19. Qg3 Bc8
20. Nf3 Nc7 21. Ne5 f6 22. Ng4 Bxg4 23. Qxg4 Qe7 24. h4 Re8 25. h5 Ne6 26.
Rb1 Ng5 27. g3 Qc7 28. Kg2 Re7 29. a4 Ne4 30. Re1 Ng5 31. Rxe7 Qxe7 32.
Qc8+ Kf7 33. a5 a6 34. c4 Qe6 35. Qxb7+ Ke8 36. Qb8+ Kf7 37. Qc7+ Kg8 38.
Kf1 dxc4 39. Qb8+ Kf7 40. Be2 Qd5 41. Qc7+ Ke8 42. Qc8+ Ke7 43. Qb7+ Ke8
44. Qb8+ Kf7 45. Qc7+ Ke8 46. Qb8+ 1/2-1/2

[Event "27th Open"]
[Site "Cappelle la Grande FRA"]
[Date "2011.02.27"]
[Round "2"]
[White "Karim,I"]
[Black "Radulski,J"]
[Result "0-1"]
[WhiteElo "2375"]
[BlackElo "2590"]
[EventDate "2011.02.26"]

1. e4 e5 2. Nf3 Nc6 3. d4 exd4 4. Nxd4 Qf6 5. Be3 Bc5 6. c3 d6 7. g3 Ne5 8.
h3 Qg6 9. Bg2 Nf6 10. O-O O-O 11. Nd2 h5 12. Qe2 Re8 13. f4 Nc6 14. Qf3 Bd7
15. Rae1 Bb6 16. Kh1 Qh7 17. Bg1 Re7 18. N4b3 Rae8 19. Bh2 Bf5 20. e5 Bd3
21. Ne4 Nxe4 22. Rxe4 Bxe4 23. Qxe4 Qxe4 24. Bxe4 dxe5 25. f5 Rd7 26. g4
hxg4 27. hxg4 Red8 28. Bc2 e4 29. Bxe4 Rd1 30. Kg2 Na5 31. Rxd1 Rxd1 32.
Nxa5 Rd2+ 33. Kh3 Bxa5 34. b4 Bb6 35. Bxb7 Rd3+ 0-1

[Event "27th Open"]
[Site "Cappelle la Grande FRA"]
[Date "2011.02.27"]
[Round "2"]
[White "Spasov,V"]
[Black "Debray,C"]
[Result "1-0"]
[WhiteElo "2590"]
[BlackElo "2381"]
[EventDate "2011.02.26"]

1. e4 c6 2. d4 d5 3. Nd2 dxe4 4. Nxe4 Bf5 5. Ng3 Bg6 6. h4 h6 7. Nf3 Nd7 8.
h5 Bh7 9. Bd3 Bxd3 10. Qxd3 e6 11. Bd2 Ngf6 12. O-O-O Be7 13. Ne4 O-O 14.
Nxf6+ Nxf6 15. g4 Qd5 16. g5 Qxa2 17. c3 Ng4 18. Rdg1 Nxf2 19. Qe3 Nxh1 20.
gxh6 Qa1+ 21. Kc2 Qa4+ 22. Kb1 Qb5 23. Ne5 g6 24. c4 Qa4 25. hxg6 fxg6 26.
h7+ 1-0

[Event "27th Open"]
[Site "Cappelle la Grande FRA"]
[Date "2011.02.27"]
[Round "2"]
[White "Kuipers,S"]
[Black "Grigoriants,S RUS"]
[Result "1/2-1/2"]
[WhiteElo "2381"]
[BlackElo "2581"]
[EventDate "2011.02.26"]

1. e4 e5 2. Nf3 Nc6 3. Bb5 a6 4. Bxc6 dxc6 5. O-O Be7 6. d3 Bf6 7. Nbd2 Ne7
8. Nc4 Ng6 9. b3 O-O 10. Bb2 Re8 11. Re1 c5 12. a4 a5 13. h3 c6 14. Nh2 Qc7
15. Qh5 Bd8 16. g3 f6 17. Ne3 Be6 18. Nf5 Bf7 19. Qg4 Be6 20. Qh5 Bf7 21.
Qg4 Be6 22. Qh5 1/2-1/2

[Event "27th Open"]
[Site "Cappelle la Grande FRA"]
[Date "2011.02.27"]
[Round "2"]
[White "Sedina,E"]
[Black "Arutinian,D"]
[Result "0-1"]
[WhiteElo "2339"]
[BlackElo "2578"]
[EventDate "2011.02.26"]

1. e4 c6 2. d4 d5 3. Nd2 dxe4 4. Nxe4 Bf5 5. Ng3 Bg6 6. N1e2 e6 7. Nf4 Qc7
8. c3 Nf6 9. Bc4 Nbd7 10. O-O Bd6 11. Qf3 O-O 12. Bb3 a5 13. a4 c5 14. Nxg6
hxg6 15. dxc5 Bxc5 16. Ne4 Nxe4 17. Qxe4 Qb6 18. Bc4 Rac8 19. Qe2 Rfd8 20.
Bg5 Nf6 21. Ba2 Rd7 22. Rad1 Rcd8 23. Rxd7 Rxd7 24. Bc4 Rd6 25. Bf4 Rd8 26.
Bg5 Qc6 27. Bb3 Rd7 28. Bc4 Qb6 29. h4 Qc7 30. Bb5 Rd5 31. Bc4 Re5 32. Qd3
Ng4 33. g3 Rxg5 34. hxg5 Ne5 35. Qe2 Nxc4 36. Kh2 Ne5 37. f4 Nc6 38. Rd1
Kf8 39. Kg2 Ne7 40. Qb5 Nd5 41. Rh1 Kg8 42. Kf3 b6 43. Rd1 Qb7 44. Qe8+ Bf8
45. Kf2 Qe7 46. Qxe7 Bxe7 47. Kf3 f6 48. c4 Nb4 49. Rd7 Bc5 50. Rc7 Nd3 51.
b3 Nc1 52. Rc8+ Kf7 53. Rc7+ Kg8 54. Rc8+ Kh7 55. Rc7 fxg5 56. fxg5 Nxb3
57. Ke4 Bf2 58. Kf3 Bd4 59. Ke4 e5 60. Kd5 Nc5 61. Kd6 Ne4+ 62. Kd5 Nxg5
63. Ra7 Nf3 64. Ke4 Nd2+ 65. Kd5 Kh6 66. c5 Bxc5 67. Kxe5 Nc4+ 68. Kf4 Nb2
69. Ra8 Kh7 70. g4 Nxa4 71. g5 Nc3 72. Ra7 a4 73. Ke5 a3 0-1

[Event "27th Open"]
[Site "Cappelle la Grande FRA"]
[Date "2011.02.27"]
[Round "2"]
[White "Kravtsiv,M"]
[Black "Shalnev,N"]
[Result "1-0"]
[WhiteElo "2566"]
[BlackElo "2367"]
[EventDate "2011.02.26"]

1. e4 c5 2. Nf3 d6 3. d4 cxd4 4. Nxd4 Nf6 5. Nc3 a6 6. Bc4 e6 7. a4 Qc7 8.
Ba2 Nc6 9. O-O Nxd4 10. Qxd4 Bd7 11. Kh1 Rc8 12. Qd3 Be7 13. f4 b5 14. axb5
axb5 15. Nxb5 Qxc2 16. Qxc2 Rxc2 17. Nc3 Rxc3 18. bxc3 Nxe4 19. Bb1 Nc5 20.
Be3 Bc6 21. Ra7 Nb7 22. Bd3 Kd7 23. Rb1 Rb8 24. Ba6 Kc7 25. Bb6+ Kc8 26.
Ba5 g6 27. Rb4 Bd5 28. Bxb7+ Rxb7 29. Raxb7 Bxb7 30. Rc4+ Kb8 31. Rc7 Bd8
32. Rxb7+ Kxb7 33. Bxd8 Kc6 34. Kg1 Kd5 35. Be7 Kc4 36. Bxd6 Kxc3 37. Kf2
Kd3 38. Kf3 f6 39. Be7 e5 40. Bxf6 e4+ 41. Kf2 e3+ 42. Kf3 e2 43. Bh4 1-0

[Event "27th Open"]
[Site "Cappelle la Grande FRA"]
[Date "2011.02.27"]
[Round "2"]
[White "Zherebukh,Y"]
[Black "Milchev,N"]
[Result "1-0"]
[WhiteElo "2565"]
[BlackElo "2358"]
[EventDate "2011.02.26"]

1. b3 b6 2. Bb2 Bb7 3. e3 e6 4. f4 f5 5. Nf3 Nf6 6. d4 Be7 7. Bd3 a5 8. c4
O-O 9. O-O a4 10. bxa4 Ne4 11. Nc3 d5 12. Qb3 Nc6 13. cxd5 Na5 14. Qc2 exd5
15. Ne5 c5 16. dxc5 Bxc5 17. Qe2 Nc6 18. Nxe4 fxe4 19. Bb5 Ne7 20. g4 Nc8
21. Bd7 Rf6 22. g5 Rd6 23. Qg4 Bxe3+ 24. Kh1 Qe7 25. f5 d4 26. Be6+ Rxe6
27. fxe6 Bd5 28. g6 Qxe6 29. Qxe6+ Bxe6 30. Rf8+ Kxf8 31. gxh7 Rxa4 32.
h8=Q+ Ke7 33. Qxg7+ Kd6 34. Nf7+ Kc5 35. Nd8 Bh3 36. Qg3 1-0

[Event "27th Open"]
[Site "Cappelle la Grande FRA"]
[Date "2011.02.27"]
[Round "2"]
[White "Payen,Ar"]
[Black "Hebden,M"]
[Result "0-1"]
[WhiteElo "2367"]
[BlackElo "2558"]
[EventDate "2011.02.26"]

1. e4 e5 2. Nf3 Nc6 3. Nc3 Nf6 4. Bc4 Nxe4 5. O-O Nxc3 6. dxc3 Be7 7. Qd5
O-O 8. Nxe5 Nxe5 9. Qxe5 Bf6 10. Qh5 c6 11. Re1 d5 12. Bd3 g6 13. Qf3 Be6
14. Be3 Re8 15. h3 Bg7 16. Re2 Rc8 17. Bd4 c5 18. Bxg7 Kxg7 19. Rd2 Qb6 20.
Rb1 d4 21. c4 Qa6 22. b3 Qxa2 23. Rdd1 Qa6 24. Ra1 Qb6 25. Be4 Re7 26. Qf4
Qc7 27. Qf3 b6 28. c3 Rd8 29. cxd4 cxd4 30. Rd2 Qe5 31. Bc6 Rd6 32. Rad1 h5
33. Bb7 b5 34. cxb5 Qxb5 35. Be4 Bxb3 36. Rb1 Qg5 0-1

[Event "27th Open"]
[Site "Cappelle la Grande FRA"]
[Date "2011.02.27"]
[Round "2"]
[White "Dubreuil,J"]
[Black "Brodsky,M"]
[Result "0-1"]
[WhiteElo "2264"]
[BlackElo "2554"]
[EventDate "2011.02.26"]

1. e4 c5 2. Nf3 d6 3. d4 cxd4 4. Nxd4 Nf6 5. Nc3 a6 6. Bg5 e6 7. Qe2 h6 8.
Bh4 Nbd7 9. O-O-O Qc7 10. f4 Be7 11. g4 g5 12. fxg5 hxg5 13. Bxg5 b5 14. a3
Ne5 15. Rg1 Rb8 16. Rg3 b4 17. axb4 Rxb4 18. Na2 Nxe4 19. Bxe7 Nxg3 20.
hxg3 Rxd4 21. Rxd4 Kxe7 22. Bg2 Rh2 23. Qf1 Bb7 24. Rd2 Nxg4 25. Qf4 Bxg2
26. Qxg4 Rh1+ 27. Rd1 Rxd1+ 28. Qxd1 Qc4 29. b3 Qf1 30. Qxf1 Bxf1 31. c4
Kd7 32. Kd2 f5 33. Nb4 a5 34. Nc2 e5 35. Ne3 Bh3 36. Nd5 Bg2 37. Ne3 Be4
38. Kc3 Kc6 39. b4 f4 40. gxf4 exf4 41. Nd1 a4 42. b5+ Kb6 43. Nf2 Bf5 44.
Kb4 Be6 45. Ne4 f3 46. Kxa4 Bxc4 47. Kb4 Bxb5 48. Kc3 d5 49. Nf2 Kc5 50.
Ng4 d4+ 51. Kd2 Kd5 52. Ke1 Ke4 53. Kf2 d3 54. Ke1 Kf4 55. Nf2 Kg3 56. Nd1
Kg2 0-1

[Event "27th Open"]
[Site "Cappelle la Grande FRA"]
[Date "2011.02.27"]
[Round "2"]
[White "Cornette,M"]
[Black "Karavade,E"]
[Result "1-0"]
[WhiteElo "2544"]
[BlackElo "2353"]
[EventDate "2011.02.26"]

1. d4 Nf6 2. c4 g6 3. Nf3 Bg7 4. g3 O-O 5. Bg2 d5 6. cxd5 Nxd5 7. O-O Nc6
8. e4 Nb6 9. d5 Na5 10. Nc3 c6 11. Bf4 cxd5 12. Nxd5 Nxd5 13. exd5 Nc4 14.
Qb3 Nd6 15. Rfe1 Bg4 16. Ne5 Bf5 17. h3 Rc8 18. g4 Bc2 19. Qe3 a6 20. Rac1
Ba4 21. Rxc8 Nxc8 22. b3 Bd7 23. Qc5 Nd6 24. Nc4 Nxc4 25. bxc4 Re8 26. Qb4
e5 27. dxe6 Bxe6 28. c5 Bc8 29. Rxe8+ Qxe8 30. Bxb7 Bxb7 31. Qxb7 Qe1+ 32.
Kg2 Bd4 33. Qb8+ Kg7 34. Bh6+ Kxh6 35. Qf4+ 1-0

[Event "27th Open"]
[Site "Cappelle la Grande FRA"]
[Date "2011.02.27"]
[Round "2"]
[White "Kiselev,Vit2"]
[Black "Collas,S"]
[Result "1-0"]
[WhiteElo "2526"]
[BlackElo "2311"]
[EventDate "2011.02.26"]

1. d4 Nf6 2. c4 e6 3. Nf3 b6 4. g3 Ba6 5. Qc2 c5 6. d5 exd5 7. cxd5 d6 8.
Bg2 g6 9. O-O Bg7 10. Nc3 O-O 11. a4 Nbd7 12. h3 Bb7 13. e4 a6 14. Nd2 Ne8
15. Re1 Qb8 16. Ra3 Nc7 17. Nc4 b5 18. Nxd6 b4 19. Rb3 Nxd5 20. Nxd5 Bxd5
21. exd5 Qxd6 22. Bf4 Ne5 23. Rbe3 f6 24. b3 Rac8 25. h4 c4 26. bxc4 Qc5
27. Re4 Rfd8 28. Qb3 Ng4 29. R4e2 Qxc4 30. Qxc4 Rxc4 31. d6 Rd4 32. Re7 Ne5
33. R1xe5 fxe5 34. Rxg7+ Kxg7 35. Bxe5+ Kf7 36. Bxd4 Rxd6 37. Bc5 Rd1+ 38.
Kh2 g5 39. hxg5 Kg6 40. Bxb4 Rd4 41. Be7 Rxa4 42. f4 a5 43. Kh3 h6 44. gxh6
Kxh6 45. Kh4 Ra1 46. Be4 Kg7 47. f5 1-0

[Event "27th Open"]
[Site "Cappelle la Grande FRA"]
[Date "2011.02.27"]
[Round "2"]
[White "Harika,D"]
[Black "Boric,E"]
[Result "1-0"]
[WhiteElo "2520"]
[BlackElo "2297"]
[EventDate "2011.02.26"]

1. Nf3 f5 2. g3 Nf6 3. Bg2 d6 4. d4 g6 5. O-O Bg7 6. b3 O-O 7. Bb2 Qe8 8.
c4 Ne4 9. Nbd2 Nxd2 10. Qxd2 Nd7 11. e4 f4 12. e5 dxe5 13. Ng5 c6 14. Rfe1
Nb6 15. d5 h6 16. Nf3 cxd5 17. cxd5 fxg3 18. hxg3 Bf5 19. Bxe5 Bxe5 20.
Rxe5 Kh7 21. Rae1 Rf7 22. d6 e6 23. Nd4 Rf6 24. Qe2 Qf8 25. g4 Qxd6 26. Nb5
Bxg4 27. Nxd6 Bxe2 28. R5xe2 Raf8 29. Nxb7 Nd5 30. Rxe6 Nb4 31. Rxf6 Rxf6
32. Nc5 Nxa2 33. Re7+ Kh8 34. Rxa7 Nc1 35. Re7 Rb6 36. Re1 Na2 37. Nd7 Rxb3
38. Re8+ 1-0

[Event "27th Open"]
[Site "Cappelle la Grande FRA"]
[Date "2011.02.27"]
[Round "2"]
[White "Jojua,D"]
[Black "Klinova,M"]
[Result "1-0"]
[WhiteElo "2515"]
[BlackElo "2295"]
[EventDate "2011.02.26"]

1. d4 d6 2. Nf3 Nf6 3. c4 g6 4. Nc3 Bg7 5. e4 O-O 6. h3 e5 7. d5 a5 8. Bg5
Na6 9. Nd2 Qe8 10. Be2 Nd7 11. a3 f6 12. Bh4 Bh6 13. b4 Rf7 14. Nb3 Qf8 15.
Nxa5 f5 16. Nb3 Nf6 17. Bxf6 Rxf6 18. O-O Bd7 19. c5 fxe4 20. c6 bxc6 21.
dxc6 Be6 22. Nd5 Rf7 23. Bg4 Bf5 24. b5 Nc5 25. Nxc5 dxc5 26. b6 cxb6 27.
Nxb6 Rd8 28. Nd7 Rdxd7 29. cxd7 Rxd7 30. Qb3+ Qf7 31. Qb8+ Qf8 32. Qb3+ Qf7
33. Qb8+ Qf8 34. Qb5 Rf7 35. Bxf5 gxf5 36. Rad1 e3 37. Qe2 exf2+ 38. Qxf2
Bg7 39. Rd5 c4 40. Qc5 Qxc5+ 41. Rxc5 Bf8 42. Rc8 Kg7 43. a4 Kg6 44. Rxc4
Ra7 45. Rb1 e4 46. g4 1-0

[Event "27th Open"]
[Site "Cappelle la Grande FRA"]
[Date "2011.02.27"]
[Round "2"]
[White "Petkov,V"]
[Black "Nemcova,Kat"]
[Result "1-0"]
[WhiteElo "2506"]
[BlackElo "2289"]
[EventDate "2011.02.26"]

1. Nf3 Nf6 2. c4 g6 3. Nc3 Bg7 4. e4 d6 5. d4 O-O 6. h3 e5 7. d5 a5 8. Bg5
Na6 9. Nd2 Qe8 10. Be2 Nd7 11. a3 f5 12. exf5 h6 13. f6 Nxf6 14. Be3 Bd7
15. Nde4 a4 16. Qd2 Kh7 17. Nxf6+ Rxf6 18. Ne4 Rf4 19. Bd3 Bf5 20. Qc2 b6
21. g3 Rf3 22. Qe2 Nc5 23. Bxc5 Rxd3 24. Qxd3 bxc5 25. g4 Bc8 26. Rb1 Ba6
27. O-O Qf7 28. b4 axb3 29. Rxb3 Qf4 30. Re1 Rf8 31. Re3 Kg8 32. Kg2 Qf7
33. Rf3 Qxf3+ 34. Qxf3 Rxf3 35. Kxf3 Bxc4 36. Rb8+ Bf8 37. Rc8 Bxd5 38.
Rxc7 Bf7 39. a4 c4 40. a5 c3 41. Nxc3 d5 42. a6 1-0